Najpopularniejsze piosenki Kanye West - Statystyki

Ogólne statystyki
  • Ten quiz został rozwiązany 250 razy
  • Średni wynik to 3 z 20
Statystyki odpowiedzi
L.p. Piosenka % Poprawnych
3 Runaway
76%
15 Power
42%
9 Gold Digger
40%
18 All Falls Down
32%
10 All of the Lights
28%
16 Devil in a New Dress
21%
17 Through the Wire
17%
19 Jesus Walks
16%
7 On Sight
15%
8 Monster
12%
4 Black Skinhead
10%
20 Wolves
7%
14 New Slaves
5%
12 Spaceship
4%
11 Blood on the Leaves
3%
13 Fade
3%
6 Hold My Liquor
3%
1 I am a God
3%
2 Coldest Winter
1%
5 Addiction
0%
Nie znaleziono quizów pasujących do podanych kryteriów
Rozkład punktacji
Procent ludzi z każdym wynikiem
Percentyl według liczby udzielonych odpowiedzi
Twoja historia wyników
Nie rozwiązałeś tego quizu